| 000 | 00616nam a22001817a 4500 | ||
|---|---|---|---|
| 005 | 20161110130431.0 | ||
| 010 | _aENG-116507 | ||
| 020 |
_a9789350980453 _c1750.00 |
||
| 035 | _aEN-100039 | ||
| 037 | _bDBAD/PUB | ||
| 082 | _a250.095 | ||
| 245 |
_aBuddhism across Asia : _cedited by Tansen Sen _bnetwork of material, intellectual and cultural exchange volume-1/ |
||
| 260 |
_aNew Delhi _bManohar Publisher & Distributors _c2014 |
||
| 270 |
_a4753/23 Ansari Road,Daryaganj _bNew Delhi _e110002 |
||
| 300 |
_a482p. : _c22cm (Hb) _bill |
||
| 500 | _aIncludes index | ||
| 942 |
_2ddc _cEN _h250.095 _mBUD |
||
| 999 |
_c104568 _d104568 |
||